Discovering calculus with the graphing calculator (Record no. 7538)

000 -LEADER
fixed length control field 00476 a2200157 4500
020 ## - INTERNATIONAL STANDARD BOOK NUMBER
International Standard Book Number 0471009741
040 ## - CATALOGING SOURCE
Original cataloging agency DLC
082 04 - DEWEY DECIMAL CLASSIFICATION NUMBER
Classification number 515
100 2# - MAIN ENTRY--PERSONAL NAME
Personal name Shoaf-Grubbs, Mary Margaret.
245 10 - TITLE STATEMENT
Title Discovering calculus with the graphing calculator
Statement of responsibility, etc. Mary Margaret Shoaf-Grubbs.
260 ## - PUBLICATION, DISTRIBUTION, ETC.
Place of publication, distribution, etc. New York ;
-- Chichester :
Name of publisher, distributor, etc. Wiley,
Date of publication, distribution, etc. 1996.
300 ## - PHYSICAL DESCRIPTION
Extent xiv, 204 p. :
Other physical details ill. ;
Dimensions 26 cm.
650 #0 - SUBJECT ADDED ENTRY--TOPICAL TERM
Topical term or geographic name entry element Calculus
General subdivision Data processing.
650 #0 - SUBJECT ADDED ENTRY--TOPICAL TERM
Topical term or geographic name entry element Graphic calculators.
942 ## - ADDED ENTRY ELEMENTS (KOHA)
Koha item type Book
Call number prefix 515 SHO
Source of classification or shelving scheme
Holdings
Withdrawn status Lost status Damaged status Not for loan Collection code Permanent Location Current Location Shelving location Date acquired Source of acquisition Total Checkouts Full call number Barcode Date last seen Price effective from Koha item type
          Central Library (CL) Central Library (CL) General Stacks 07/20/2002 Donation   515 SHO SEECS002180 11/14/2012 01/05/2017 Book
          Central Library (CL) Central Library (CL) General Stacks 07/20/2002 Donation   515 SHO SEECS002181 11/14/2012 01/05/2017 Book
© 2023 Central Library, National University of Sciences and Technology. All Rights Reserved.